| 000 | 02093nam0a2200409 4500 | ||
|---|---|---|---|
| 001 | RU\NLR\bibl\1245924 | ||
| 005 | 20260407133306.0 | ||
| 010 |
_a978-5-89289-460-9 _9120 |
||
| 021 |
_aRU _b2008-33927 _91864 |
||
| 035 | _a(nilc)EL/0000196470 | ||
| 035 | _a(NLR Aleph) 001232078 | ||
| 090 |
_a204886 _c204886 |
||
| 100 | _a20080530d2007 |||y0rusy50 ca | ||
| 101 | 0 | _arus | |
| 102 | _aRU | ||
| 105 | _aa z ||||| | ||
| 200 | 1 |
_aУправление процессами _eкурс лекций _eдля студентов вузов _f[И.В. Сурков, Е.О. Ермолаева, А.Н. Австриевских, А.А. Вековцев] _gФедер. агентство по образованию, Кемер. технолог. ин-т пищевой промышленности |
|
| 210 |
_aКемерово _cКемеровский технологический институт пищевой помышленности _d2007 |
||
| 215 |
_a100 с. _cил. _d20 |
||
| 320 | _aБиблиогр.: с. 88-89 (34 назв.) | ||
| 606 | 1 |
_aУправление _jУчебные издания для высших учебных заведений _xОрганизация _9902339 _3RU\NLR\auth\668214 |
|
| 686 |
_a65.30 _vLBC/RL _2rubbk |
||
| 686 | _aУ21(0)24я73 | ||
| 701 | 1 |
_aСурков _bИ. В. _gИгорь Владимирович _4070 |
|
| 701 | 1 |
_aЕрмолаева _bЕ. О. _gЕвгения Олеговна _4070 |
|
| 701 | 1 |
_aВековцев _bА. А. _gАндрей Алексеевич _4070 |
|
| 701 | 1 |
_aАвстриевских _bА. Н. _gАлександр Николаевич _4070 |
|
| 701 | 1 |
_aВековцев _bА. А. _4070 |
|
| 712 | 0 | 2 |
_4570 _aКемеровский технологический институт пищевой промышленности _3RU\NLR\AUTH\889996538 _9490178 |
| 801 | 0 |
_aRU _bКемеровская ОНБ _c20080530 _grcr |
|
| 801 | 1 |
_aRU _bКемеровская ОНБ _c20080530 _2rusmarc |
|
| 801 | 2 |
_aRU _bNLR _c20080626 _grcr |
|
| 830 | _aпо ЭК | ||
| 942 | _cBOOK | ||
| 980 | _aNB | ||
| 980 | _aNBR | ||